Statistiques concernant 20 joueurs les plus chers actuellement

Cliquez ici pour prendre le quiz!

Statistiques générales

  • Ce quiz a été pris 197 fois
  • Le résultat moyen est 13 sur 20

Statistiques - réponses

NationalitéJoueurValeur marchande% Correct
BrésilienNeymar180.000.000€
99%
FrançaisKylian M'bappe150.000.000€
97%
ArgentinLionel Messi180.000.000€
97%
EgyptienMohamed Salah150.000.000€
91%
AnglaisHarry Kane150.000.000€
87%
BelgeKevin de Bruyne150.000.000€
85%
FrançaisAntoine Griezmann120.000.000€
84%
BelgeEden Hazard120.000.000€
83%
PortugaisCristiano Ronaldo100.000.000€
81%
GalloisGareth Bale90.000.000€
70%
BelgeRomelu Lukaku100.000.000€
66%
FrançaisPaul Pogba90.000.000€
61%
ArgentinPaulo Dybala110.000.000€
60%
PolonaisRobert Lewandowski85.000.000€
55%
BrésilienPhilippe Countinho120.000.000€
54%
AnglaisDele Alli100.000.000€
35%
AllemandLeroy Sané90.000.000€
33%
SerbeSergej Milinkovic-Savic90.000.000€
33%
AnglaisRaheem Sterling90.000.000€
32%
ArgentinMauro Icardi95.000.000€
23%

Distribution des résultats

Percentile par nombre de réponses

% des personnes avec chaque résultat

Votre développement - résultats

Vous n’avez pas pris ce quiz